LIBRARY & INFORMATION CENTRE, KCAET, TAVANUR

ONLINE PUBLIC ACCESS CATALOGUE (OPAC)

Poetical works / (Record no. 5756)

MARC details
000 -LEADER
fixed length control field 00365cam a2200145ua 4500
041 ## - LANGUAGE CODE
Language code of text/sound track or separate title eng
082 ## - DEWEY DECIMAL CLASSIFICATION NUMBER
Classification number 821
Item number TEN/PO
100 ## - MAIN ENTRY--AUTHOR NAME
Personal name Tennyson, Alfred.
245 ## - TITLE STATEMENT
Title Poetical works /
260 ## - PUBLICATION, DISTRIBUTION, ETC. (IMPRINT)
Place of publication Melbourne :
Name of publisher MacMillan and Company Limited ,
Year of publication 1950.
300 ## - PHYSICAL DESCRIPTION
Number of Pages 646 ; .
942 ## - ADDED ENTRY ELEMENTS (KOHA)
Koha item type Books
Holdings
Withdrawn status Lost status Damaged status Home library Current library Date acquired Full call number Accession Number Koha item type
Withdrawn     KAUAET Malayalam University 07/04/2012 821 4184 Books
free website counter